Páginas escogidas

Zapisane w:
Opis bibliograficzny
1. autor: Baroja, Pío (Autor)
Format: Książka
Język:hiszpański
Wydane: Madrid Casa Editorial Calleja 1918
Hasła przedmiotowe:
Etykiety: Dodaj etykietę
Nie ma etykietki, Dołącz pierwszą etykiete!

MARC

LEADER 00000nam a2200000 a 4500
001 UCH1293
003 CL-VaPUC
008 090420e19180000SP |||||||||||||||||spa|d
082 0 4 |a 860.63  |b BAR  |2 21 
100 0 |a Baroja, Pío  |e author  |9 322211 
245 1 0 |a Páginas escogidas 
300 |a 501 p 
942 |c BK 
945 |d 20090420 00:00:00  |a dcastane 
260 |a Madrid  |b Casa Editorial Calleja  |c 1918 
650 0 |a Literatura española  |9 306261 
650 7 |a NOVELA ESPAÑOLA  |2 CL-VaPUC  |9 313139 
650 0 |a Poesía española  |9 264938 
583 |a last modification  |c 20090420 00:00:00  |k Rodrigo Vera 
999 |c 333345  |d 333343 
952 |0 0  |1 0  |4 0  |6 860_630000000000000_BAR_1918  |7 0  |8 A  |9 421694  |a BIBEDU  |b BIBEDU  |d 2019-11-22  |i 4520351  |o 860.63 BAR 1918  |p 4520351  |r 2019-11-22  |w 2019-11-22  |y BK  |k LIT